[Event "Unterfranken-ch69 M2"]
[Site "Schweinfurt"]
[Date "2018.04.07"]
[Round "9"]
[White "Barthel, Fabian"]
[Black "Gehrig, Thomas"]
[Result "1-0"]
[WhiteElo "1589"]
[BlackElo "2066"]
[PlyCount "71"]
[EventDate "2018.04.02"]
[EventType "swiss"]
[EventRounds "9"]
[EventCountry "GER"]
[SourceTitle "EXT 2019"]
[Source "ChessBase"]
[SourceDate "2018.10.10"]
[SourceVersion "1"]
[SourceVersionDate "2018.10.10"]
[SourceQuality "1"]

1. d4 Nf6 2. c4 e6 3. Nf3 Be7 4. Nc3 d5 5. Bf4 c6 6. e3 0-0 7. Qc2 Nbd7 8. cxd5 exd5 9. Bd3 Re8 10. 0-0 h6 11. Nb5 Nb6 12. Nc7 Be6 13. Nxa8 Qxa8 14. h3 Nc4 15. Ne5 Nd6 16. Rab1 Rc8 17. Rfe1 a6 18. Qe2 Qa7 19. Rbc1 Qb6 20. Bb1 Nc4 21. Nxc4 dxc4 22. Qc2 Qd8 23. Rcd1 Qd7 24. e4 Kf8 25. Bc1 b5 26. f4 Qb7 27. f5 Bd7 28. e5 Nd5 29. f6 Bb4 30. Qh7 Ke8 31. Qg8+ Bf8 32. Bxh6 Nxf6 33. Bxg7 Ke7 34. exf6+ Kd6 35. Bxf8+ Kc7 36. Qxf7 1-0

[Event "Bad Koenigshofen op 6th"]
[Site "Bad Koenigshofen"]
[Date "2007.12.28"]
[Round "6"]
[White "Gehrig, Thomas"]
[Black "Vogt, Thomas"]
[Result "1-0"]
[WhiteElo "2063"]
[BlackElo "2072"]
[PlyCount "77"]
[EventDate "2007.12.26"]
[EventType "swiss"]
[EventRounds "7"]
[EventCountry "GER"]
[SourceTitle "CBM 122 Extra"]
[Source "ChessBase"]
[SourceDate "2008.03.04"]
[SourceVersion "1"]
[SourceVersionDate "2008.03.04"]
[SourceQuality "1"]

1. c4 c5 2. g3 Nf6 3. Bg2 Nc6 4. e4 d6 5. Ne2 g6 6. 0-0 Bg7 7. Nbc3 0-0 8. Rb1 Rb8 9. a3 Be6 10. d3 Qc8 11. Nf4 Bg4 12. f3 Bd7 13. Rf2 Ne8 14. Be3 Nc7 15. Qf1 b5 16. cxb5 Nxb5 17. Nxb5 Rxb5 18. Qc1 Qb8 19. Bf1 Rb7 20. Ng2 Nd4 21. Ne1 Be6 22. Qd1 Bb3 23. Qd2 Ba2 24. Rd1 Bb3 25. Rc1 Rb5 26. f4 f5 27. e5 dxe5 28. Bxd4 exd4 29. Bg2 Qd6 30. Qe2 Rfb8 31. Nf3 h6 32. Re1 Bf6 33. Ne5 Bxe5 34. fxe5 Qe6 35. Qf3 Ba2 36. Ree2 c4 37. b4 cxd3 38. Rxa2 Rxe5 39. Qxd3 1-0